LEADER 01160nam 2200349 450 001 996280715603316 005 20230809231638.0 010 $a1-5386-3666-2 035 $a(CKB)4100000005061269 035 $a(WaSeSS)IndRDA00121076 035 $a(EXLCZ)994100000005061269 100 $a20200318d2017 uy 0 101 0 $aeng 135 $aur||||||||||| 181 $ctxt$2rdacontent 182 $cc$2rdamedia 183 $acr$2rdacarrier 200 10$a2017 IEEE Fog World Congress (FWC) $e30 October-1 November 2017 : Santa Clara, CA, USA /$fInstitute of Electrical and Electronics Engineers 210 1$aPiscataway, New Jersey :$cInstitute of Electrical and Electronics Engineers,$d2017. 215 $a1 online resource (519 pages) 311 $a1-5386-3667-0 606 $aCloud computing$vCongresses 606 $aCloud computing$xSecurity measures$vCongresses 615 0$aCloud computing 615 0$aCloud computing$xSecurity measures 676 $a004.6782 801 0$bWaSeSS 801 1$bWaSeSS 906 $aPROCEEDING 912 $a996280715603316 996 $a2017 IEEE Fog World Congress (FWC)$92519862 997 $aUNISA LEADER 02103oam 2200505 450 001 9910709763503321 005 20191121114451.0 035 $a(CKB)5470000002472610 035 $a(OCoLC)962335640 035 $a(EXLCZ)995470000002472610 100 $a20161105j200605 ua 0 101 0 $aeng 135 $aurbn||||||abp 135 $aurbn||||||ada 181 $ctxt$2rdacontent 182 $cc$2rdamedia 183 $acr$2rdacarrier 200 10$aOptimization of traffic data collection for specific pavement design applications /$fA. T. Papagiannakis [and three others] 210 1$aMcLean, VA :$cU.S. Department of Transportation, Federal Highway Administration, Research, Development, and Technology, Turner-Fairbank Highway Research Center,$dMay 2006. 215 $a1 online resource (x, 116 pages) $cillustrations 300 $a"FHWA-HRT-05-079." 300 $a"May 2006." 300 $a"Performing organization: Nichols Consulting Engineers and Washington State University, Department of Civil and Environmental Engineering"--Technical report documentation page. 300 $aIncludes tables. 320 $aIncludes bibliographical references (pages 115-116). 606 $aPavements$xDesign and construction$xData processing 606 $aTraffic surveys$xData processing 615 0$aPavements$xDesign and construction$xData processing. 615 0$aTraffic surveys$xData processing. 700 $aPapagiannakis$b A. T.$01342823 712 02$aNichols Consulting Engineers. 712 02$aWashington State University.$bDepartment of Civil and Environmental Engineering. 712 02$aUnited States.$bFederal Highway Administration.$bOffice of Infrastructure Research and Development, 712 02$aTurner-Fairbank Highway Research Center, 801 0$bOCLCE 801 1$bOCLCE 801 2$bOCLCO 801 2$bTRL 801 2$bOCLCF 801 2$bOCLCQ 801 2$bGPO 906 $aBOOK 912 $a9910709763503321 996 $aOptimization of traffic data collection for specific pavement design applications$93501200 997 $aUNINA LEADER 01327nam 2200373 a 450 001 9910700902303321 005 20110921135758.0 035 $a(CKB)5470000002414009 035 $a(OCoLC)753978966 035 $a(EXLCZ)995470000002414009 100 $a20110921d2010 ua 0 101 0 $aeng 135 $aurcn||||||||| 181 $ctxt$2rdacontent 182 $cc$2rdamedia 183 $acr$2rdacarrier 200 00$aCommunity-based water resiliency initiative$b[electronic resource] $estrengthening communities through water preparedness 210 1$a[Washington, D.C.] :$cU.S. Environmental Protection Agency, Office of Water, Water Security Division,$d[2010] 215 $a1 online resrouce (2 unnumbered pages) $ccolor illustrations 300 $aTitle from title screen (viewed on Sept. 21, 2011). 300 $a"August 2010." 300 $a"EPA 817-K-10-001." 517 $aCommunity-based water resiliency initiative 606 $aDrinking water$zUnited States 606 $aSewage 615 0$aDrinking water 615 0$aSewage. 712 02$aUnited States.$bEnvironmental Protection Agency.$bWater Security Division. 801 0$bGPO 801 1$bGPO 906 $aBOOK 912 $a9910700902303321 996 $aCommunity-based water resiliency initiative$93540519 997 $aUNINA